Los 7 hábitos de las familias altamente efectivas / (Registro nro. 6806)

Detalles MARC
000 -CABECERA
Campo de control interno 01726nam a2200241Ia 4500
008 - ELEMENTOS DE LONGITUD FIJA - INFORMACIÓN GENERAL
Campo de control de longitud fija 260220t1995||||xx |||||||||||||| ||spa||
040 ## - FUENTE DE CATALOGACIÓN
Agencia de catalogación original PY-SlUNAC
Idioma de catalogación spa
Convenciones de descripción rda
041 ## - CÓDIGO DE IDIOMA
Código de idioma para texto/pista de sonido o título separado spa
082 ## - NÚMERO DE CLASIFICACIÓN DECIMAL DEWEY
Clasificación Decimal Dewey (CDD) 158.1
Clasificación Expansiva de Cutter (EC) C838s
100 ## - ASIENTO PRINCIPAL - NOMBRE PERSONAL
Nombre personal Covey, Stephen R.
Rol del autor Autor
245 #0 - TÍTULO
Título Los 7 hábitos de las familias altamente efectivas /
Mención de responsabilidad por Stephen R. Covey [Autor]
264 ## - PIE DE IMPRENTA
Lugar Ciudad de México :
Editorial Grijalbo,
Año ℗1995.
300 ## - DESCRIPCIÓN FÍSICA
Páginas 1 volumen
520 ## - NOTA DE RESUMEN
Nota de resumen En "Los 7 hábitos de las familias altamente efectivas", Stephen R. Covey presenta un enfoque integral para fortalecer las relaciones familiares y fomentar un ambiente de cooperación y crecimiento. A través de siete hábitos fundamentales, Covey guía a los lectores en el desarrollo de principios y prácticas que promueven la comunicación efectiva, la resolución de conflictos y el establecimiento de objetivos compartidos. Cada hábito se fundamenta en la idea de que las familias deben ser proactivas, centrarse en lo importante, y buscar el entendimiento mutuo. Covey enfatiza la necesidad de cultivar la empatía y la confianza, así como de fomentar la interdependencia en lugar de la dependencia. Además, proporciona herramientas prácticas y reflexiones que invitan a los miembros de la familia a trabajar juntos hacia un propósito común. En conjunto, el libro ofrece un marco valioso para construir familias resilientes y unidas, capaces de enfrentar los desafíos de la vida moderna con eficacia y armonía.
653 ## - MATERIA - TÉRMINO TEMÁTICO NO CONTROLADO (PALABRAS CLAVE)
Materia - término temático no controlado (palabras clave) Desarrollo personal
653 ## - MATERIA - TÉRMINO TEMÁTICO NO CONTROLADO (PALABRAS CLAVE)
Materia - término temático no controlado (palabras clave) Efectividad
653 ## - MATERIA - TÉRMINO TEMÁTICO NO CONTROLADO (PALABRAS CLAVE)
Materia - término temático no controlado (palabras clave) Familia
942 ## - ELEMENTOS PERSONALIZADOS (KOHA)
Fecha catalogación 2026/02/17
Tipo de documento Libros
Existencias
Fuente de Clasificacion Colección Ubicacion permanente Biblioteca actual Fecha de Ingreso a la Biblioteca Origen de adquisición Código de ubicación Código de barras Tipo de Item KOHA Nota pública
Dewey Decimal Classification Colección General (CG) Biblioteca e Internet, Facultad de Ciencias Exactas y Naturales Biblioteca e Internet, Facultad de Ciencias Exactas y Naturales 02/20/2026 Donación 158.1 C838s CG166 Libros Material disponible en la Biblioteca e Intenet, Campus UNA, San Lorenzo.